Leyes mercantiles (Record no. 102530)

MARC details
000 -LEADER
campo de control de longitud fija 00973nam a2200241 i 4500
001 - NÚMERO DE CONTROL
campo de control 102530
003 - IDENTIFICADOR DE NÚMERO DE CONTROL
campo de control ES-MaACL
005 - FECHA Y HORA DE LA ÚLTIMA TRANSACCIÓN
campo de control 20250827062616.0
007 - CAMPO FIJO DE DESCRIPCIÓN FÍSICA--INFORMACIÓN GENERAL
campo de control de longitud fija t|
008 - DATOS DE LONGITUD FIJA--INFORMACIÓN GENERAL
campo de control de longitud fija 051117s1948 sp ||||1| spa d
110 1# - ENTRADA PRINCIPAL--NOMBRE DE ENTIDAD CORPORATIVA
Nombre de entidad corporativa o nombre de jurisdicción como elemento de entrada España
9 (RLIN) 3622
240 10 - TÍTULO UNIFORME
Título uniforme Leyes, etc., mercantiles
245 10 - MENCIÓN DEL TÍTULO
Título Leyes mercantiles
Resto del título : (conforme a los textos oficiales) /
Mención de responsabilidad, etc. concordadas, anotadas y con índices completísimos por Gregorio Peces Barba del Brio e Inocente Barrios Navarro.
260 ## - PUBLICACIÓN, DISTRIBUCIÓN, ETC.
Lugar de publicación, distribución, etc. Madrid :
Nombre del editor, distribuidor, etc. Lex,
Fecha de publicación, distribución, etc. 1948.
300 ## - DESCRIPCIÓN FÍSICA
Extensión 342 p., 76 p., 61 p., 35 p., 300 p., 286 p., 154 p., 59 p., 497 p., 228 p., 13 p., 74 p., 3 h. ;
Dimensiones 17 cm.
490 1# - MENCIÓN DE SERIE
Mención de serie Códigos y leyes españolas
500 ## - NOTA GENERAL
Nota general Precede al tít.: Legislación Española.
700 1# - ENTRADA AGREGADA--NOMBRE PERSONAL
Nombre de persona Peces-Barba del Brío, Gregorio,
Fechas asociadas al nombre 1912-1997
9 (RLIN) 89836
700 1# - ENTRADA AGREGADA--NOMBRE PERSONAL
Nombre de persona Barrios Navarro, Inocente.
9 (RLIN) 26032
830 0# - PUNTO DE ACCESO ADICIONAL DE SERIE-TÍTULO UNIFORME
Título uniforme Códigos y leyes españolas
9 (RLIN) 184146
852 ## - LOCALIZACIÓN
Ubicación ES-MaACL
Número de control de estantería E-496
Sublocalización o colección R.27365
Holdings
Estatus retirado Estado de pérdida Estado de daño No para préstamo Biblioteca de origen Biblioteca actual Ubicación en estantería Fecha de adquisición Fuente de adquisición Total de préstamos Signatura topográfica completa Código de barras Visto por última vez Precio de reemplazo Tipo de ítem Koha
        Biblioteca del Ateneo de Madrid Biblioteca del Ateneo de Madrid Depósito 2 17/01/2008     E-496 1107026 23/02/2023 23/02/2023 Libro impreso